Normal view
MARC view
- الأطفال في الإسلام-التربية الإسلامية
Entry Topical Term
001 - CONTROL NUMBER
- control field: 35508
003 - CONTROL NUMBER IDENTIFIER
- control field: JO-AjAnu
005 - DATE AND TIME OF LATEST TRANSACTION
- control field: 20230606075934.0
008 - FIXED-LENGTH DATA ELEMENTS
- fixed length control field: 230606|| aca||aabn | a|a d
040 ## - CATALOGING SOURCE
- Original cataloging agency: JO-AjAnu
- Transcribing agency: JO-AjAnu
150 ## - HEADING--TOPICAL TERM
- Topical term or geographic name entry element: الأطفال في الإسلام-التربية الإسلامية
670 ## - SOURCE DATA FOUND
- Source citation: Work cat.: (JO-AjAnu)18235: جبر أيمن عبد العزيز, author 35507, تربية الأولاد في الإسلام